Basic vacuum technology / (Record no. 67475)

000 -LEADER
fixed length control field 01046pam a2200289 a 4500
001 - CONTROL NUMBER
control field 1670249
003 - CONTROL NUMBER IDENTIFIER
control field NUST - PNEC
005 - DATE AND TIME OF LATEST TRANSACTION
control field 20170116181023.0
008 - FIXED-LENGTH DATA ELEMENTS--GENERAL INFORMATION
fixed length control field 980428s1998 enka b 001 0 eng
010 ## - LIBRARY OF CONGRESS CONTROL NUMBER
LC control number 98020304
020 ## - INTERNATIONAL STANDARD BOOK NUMBER
International Standard Book Number 0750304952 (hardcover : alk. paper)
040 ## - CATALOGING SOURCE
Transcribing agency LIBRARY
082 00 - DEWEY DECIMAL CLASSIFICATION NUMBER
Classification number 621.55 CHA
100 1# - MAIN ENTRY--PERSONAL NAME
Personal name Chambers, A.
245 10 - TITLE STATEMENT
Title Basic vacuum technology /
Statement of responsibility, etc. A. Chambers, R.K. Fitch, and B.S. Halliday.
250 ## - EDITION STATEMENT
Edition statement 2nd ed.
260 ## - PUBLICATION, DISTRIBUTION, ETC.
Place of publication, distribution, etc. Bristol ;
-- Philadelphia :
Name of publisher, distributor, etc. Institute of Physics Pub.,
Date of publication, distribution, etc. c1998.
300 ## - PHYSICAL DESCRIPTION
Extent xiv, 189 p. :
Other physical details ill. ;
Dimensions 26 cm.
504 ## - BIBLIOGRAPHY, ETC. NOTE
Bibliography, etc. note Includes bibliographical references and index.
650 #0 - SUBJECT ADDED ENTRY--TOPICAL TERM
Topical term or geographic name entry element Vacuum technology.
General subdivision ME
700 1# - ADDED ENTRY--PERSONAL NAME
Personal name Fitch, R. K.
700 1# - ADDED ENTRY--PERSONAL NAME
Personal name Halliday B. S.
856 42 - ELECTRONIC LOCATION AND ACCESS
Materials specified Publisher description
Uniform Resource Identifier <a href="http://www.loc.gov/catdir/enhancements/fy0661/98020304-d.html">http://www.loc.gov/catdir/enhancements/fy0661/98020304-d.html</a>
906 ## - LOCAL DATA ELEMENT F, LDF (RLIN)
a 7
b cbc
c orignew
d 1
e ocip
f 19
g y-gencatlg
942 ## - ADDED ENTRY ELEMENTS (KOHA)
Source of classification or shelving scheme
Koha item type Book
Holdings
Withdrawn status Lost status Source of classification or shelving scheme Damaged status Not for loan Permanent Location Current Location Shelving location Date acquired Total Checkouts Full call number Barcode Date last seen Price effective from Koha item type
          Pakistan Navy Engineering College (PNEC) Pakistan Navy Engineering College (PNEC)       621.55 CHA PNECLIB-025553 09/15/2015   Book
© 2023 Central Library, National University of Sciences and Technology. All Rights Reserved.